000 011100000a22002410004500
020 _a950-03-7164-2
041 0 _aSPA
082 0 4 _aG 299.31 B4539m
100 1 _aBeltz, Walter
245 1 0 _aLos Mitos Egipcios : tras los grandes Enigmas / Walter Beltz ; traducción por Carlos Forte
250 _a2
260 _aBuenos Aires : Losada
300 _a206 p.
500 _aTítulo original en inglés: Die Myten de Agypter
501 _arústico
505 0 0 _aLa formación del mundo - La llegada de los dioses - La creación de los hombres - El combate de los dioses - Del surgimiento de la cultura - La llegada del reinado - Los grandes dioses - Las grandes diosas - Animales sagrados - De la duda - Viaje a la salvación eterna - Para proseguir la obra de la mitología egipcia - Cuadro cronólogico - Vocabulario - Selección de la mas reciente biografía en lengua alemana
650 1 4 _aMITOLOGIA - EGIPTO \ CIVILIZACION EGIPCIA - MITOLOGIA
001 18138
942 _cBK
999 _c44617
_d44617
336 _atexto
_btxt
_2rdacontent
337 _2rdamedia
_asin mediación
_bn
338 _2rdacarrier
_avolumen
_bnc